Guess 100 spanish footballers by image - Statistics

General Stats
  • This quiz has been taken 370 times
    359 since last reset
  • The average score is 60 of 100
Answer Stats
Picture Answer % Correct
Fernando Torres
94%
Rodri
94%
Sergio Ramos
92%
Andres Iniesta
90%
Diego Costa
90%
Gerard Piqué
90%
Álvaro Morata
88%
Ansu Fati
88%
Pedri
88%
Xavi
88%
David De Gea
87%
Sergio Busquets
87%
Iker Casillas
86%
Jordi Alba
86%
Daniel Carvajal
85%
Gavi
85%
Kepa Arrizabalaga
85%
Pep Guardiola
85%
Xabi Alonso
85%
David Silva
84%
Juan Mata
84%
Thiago Alcántara
84%
Cesc Fabregas
83%
Victor Valdés
83%
Adama Traore
82%
David Villa
82%
Marco Asensio
82%
Nacho
82%
Koke
81%
Luis Enrique
81%
César Azpilicueta
80%
Dani Olmo
80%
Raúl
80%
Aymeric Laporte
79%
Isco
79%
Marcos Alonso
79%
Guti
77%
Lucas Vazquez
77%
Pedro
77%
Pepe Reina
77%
Ferran Torres
76%
Jesus Navas
76%
Sergi Roberto
76%
Fernando Hierro
74%
Iago Aspas
74%
Santi Cazorla
74%
Alfredo Di Stéfano
73%
Héctor Bellerin
73%
Javi Martínez
72%
Juanfran
71%
Marcos Llorente
69%
Unai Simon
69%
Fabian Ruiz
66%
Joaquin
66%
Mikel Oyarzabal
66%
Fernando Llorente
65%
Dani Ceballos
60%
Gerard Moreno
59%
Pablo Sarabia
58%
Eric García
57%
José Gaya
57%
Pau Torres
57%
Nacho Monreal
56%
Saul Niguez
56%
Diego López
55%
Gabi
55%
Raúl Albiol
55%
Álvaro Negredo
54%
Emilio Butragueño
53%
Carlos Soler
50%
Nolito
48%
Rodrigo
47%
Aritz Aduriz
46%
Álvaro Arbeloa
42%
Luis Suárez
42%
Raúl García
40%
Dani Parejo
38%
Fernando Morientes
38%
Míchel Salgado
37%
Joan Capdevila
35%
Andoni Zubizarreta
32%
Gaizka Mendieta
32%
Marcos Senna
32%
Paco Gento
32%
László Kubala
18%
Míchel
18%
Carlos Marchena
17%
José Antonio Camacho
17%
Luis Aragonés
16%
Manolo Sanchís
15%
Ricardo Zamora
11%
Santillana
11%
Juanito
9%
Amancio
8%
José Ángel Iribar
8%
Telmo Zarra
8%
Quini
7%
Julio Salinas
6%
Luis del Sol
4%
José Santamaría
3%
No matching quizzes found
Score Distribution
Percent of People with Each Score
Percentile by Number Answered
Your Score History
You have not taken this quiz since the last reset